Unstable Quotes - Who Said It (But Better) - Statistics

General Stats
  • This quiz has been taken 198 times
  • The average score is 16 of 32
Answer Stats
Hint Answer % Correct
It only took me a few seconds to realise that this book was a fake. In the original message, 'weeks' had been spelt with an apostrophe. Parrot
81%
Before the Unstable SMP had tens of thousands of players, a group of three friends fled millions of blocks out to hide their fortune. Parrot
76%
______ bro, this is about crops? Are you serious, bro? FlameFrags
71%
Without an elytra, a way to fly, most players would die here. But you should know by now that I'm not most players. FlameFrags
71%
Dear players of the Unstable SMP, I, __________, plan to nuke Capital City. Spoke
71%
Bro- I'm not- dude,I- I- you've been telling me this for like, the past...like, forever, bro! FlameFrags
69%
Bro has bombs, wardens, and maces! Like what am I supposed to do?! FlameFrags
66%
If there was truly a secret this powerful, I needed to know what it was. So, I invited a player named ______ to come and join me, who I didn't know too well, but was arguably the smartest Minecraft player I knew. Parrot
66%
_____? You know what I've realised? I'm not smarter than you. I'm not. Parrot
65%
I'm currently surrounded by 5,406 chest minecarts, and my game sounds like this. Wemmbu
65%
WAHHHH! I can't have anything! Wemmbu
63%
You realise you're still a coward, right? You still framed me, you still killed all of these people and you did it while you were hiding yourself from the server. Parrot
56%
'Judgement'. Dude, you have the corniest weapon names. Wemmbu
56%
Your one weakness...you're European! And these are NA servers! Wemmbu
54%
What?! Did you break my chestplate?! FlameFrags
52%
But uh...for now, my friend ___ and I are- completely out of food, and- starving to death. Wemmbu
46%
Uh, I mean...I invis'd around, and then like...for some reason he was in an obsidian box and they were like, laughing at him and what. Wemmbu
46%
Um...do you guys know MrLegend101 or...um...no? FlameFrags
45%
What's-what's your name- your name's Wemmbu. Spoke
45%
If I was a clue, I'd probably be in...in the giant tower in the centre. Wemmbu
44%
I jumped through the portal and decided that the obvious next step was to destroy every End Portal. Spoke
43%
Like, even in the base! Even my like, little home is worse! We got Smiley's over here, we got ______'s over there, that at least has some flowers, but I am down this stupid scaffolding! And boom! This is what I get. Some stupid stone walls! Not even a window, like, um whatever. Spoke
43%
Oh my gosh, diabolical crashout incoming. Parrot
42%
Secretly on our server lies a civilisation of hundreds, under the control of the player Ash. He has commanded these players to terrorise my friends, and destroy hundreds of builds, but has suffered no repercussions. Spoke
40%
I got your sword, buddy! You are generationally cooked! Spoke
33%
We were playing on a Hardcore Minecraft server, thinking we were safe and about to build a base. But from the moment we went down, they were right behind us. Spoke
32%
Three. Three! Parrot
31%
This is bigger than me and you, alright? This is bigger than us. Spoke
31%
Bro, you can literally see on my nametag right above my head! Parrot
30%
Bro, because there's so much more aura coming in minecarts, bro. Wemmbu
30%
Yeah, but I'm like...this is like, lowkey we're moving. So like, it's more dangerous to play Clash Royale while moving. FlameFrags
29%
This is Jaden_MAN, the king of the Pirate Civilisation. With an army of deadly bodyguards sworn to protect him, the mace, a weapon capable of one-shotting any player, and a crown that grants him unstoppable power, Jaden holds supreme power the Pirate Civilisation. FlameFrags
22%
No matching quizzes found
Score Distribution
Percent of People with Each Score
Percentile by Number Answered
Your Score History
You have not taken this quiz